Brief Movie Quotes: 1950s-1960s Quiz Stats

 Plays Quiz Updated Jun 20, 2017

Support Sporcle.
Go Orange.
Score 0/20 Timer 05:00
1 Play Today
Quote Movie % Correct
The Von Trapp children don't play. They march.The Sound of Music
95.1%
Take your stinking paws off me, you damned dirty ape!Planet of the Apes
90.2%
A boy's best friend is his mother.Psycho
89.7%
Open the pod bay doors, please, Hal.2001: A Space Odyssey
85.4%
I coulda been a contender.On the Waterfront
82.4%
Stella! Hey, Stella!A Streetcar Named Desire
78.3%
Gentlemen, you can't fight in here! This is the War Room!Dr. Strangelove or: How I Learned to Stop Worrying and Love the Bomb
78%
We rob banks.Bonnie and Clyde
75.4%
Plastics.The Graduate
70.6%
I'm ready for my close-up.Sunset Boulevard
70.5%
Quote Movie % Correct
What we've got here is failure to communicate.Cool Hand Luke
69.4%
I'm walkin' here!Midnight Cowboy
69.2%
They call me Mister Tibbs!In the Heat of the Night
67.4%
Hey, Boo.To Kill a Mockingbird
55%
Fasten your seatbelts, it's going to be a bumpy night!All About Eve
48.6%
Well, nobody's perfect.Some Like It Hot
48.3%
Who are those guys?Butch Cassidy and the Sundance Kid
32.7%
Come on, Dover! Move yer bloomin' arse!My Fair Lady
32.2%
You're tearing me apart!Rebel Without a Cause
25.4%
They're coming to get you, Barbra.Night of the Living Dead
17.3%

You're not logged in!

Compare scores with friends on all Sporcle quizzes.
OR
Log In
Forgot?

From the Vault

NBA Starters By Team (2000s)

by sultanofswing

This decade isn't off to quite the same start as the last one.
Remove Ads.
Support Sporcle.
Get the best of Sporcle when you Go Orange. This ad-free experience offers more features, more stats, and more fun while also helping to support Sporcle. Thank you for becoming a member.

Show Comments

Extras

Top Quizzes Today


Score Distribution

Your Account Isn't Verified!

In order to create a playlist on Sporcle, you need to verify the email address you used during registration. Go to your Sporcle Settings to finish the process.

Report this User

Report this user for behavior that violates our Community Guidelines.

Details: